000 00448nam a22001937a 4500
003 MPLRDC
005 20220104174100.0
008 210129b ||||| |||| 00| 0 eng d
020 _a0-446-35438-4
082 _a947.416 MART
100 _aDON MARTIN
245 _aCAPTAIN KLUTZ II
_c
250 _a初版
260 _a
_bWARNER BOOKS
_c1983
300 _b
490 _aMAD'S DON MARTIN
650 _a漫画
942 _cBK
_o947.416 MART
999 _c59707
_d59697